000 00616nam a22002057a 4500
003 koha_MIRAKIL
005 20260414151501.0
008 260414b tur||||| |||| 00| 0 tur d
020 _a9789752205741
040 _aTR-IsEVY
_btur
_cTR-IsEVY
082 _aFIC MIA/S
100 _aMiandji, Anooshirvan
245 0 _aSamanadam /
_cAnooshirvan Miandji ; resimleyen Cengiz Gürer.
250 _a4. bs.
260 _aAnkara :
_bBilgi Yayınevi,
_c2018.
300 _a55 s. :
_brenkli resimli ;
_c19 cm.
650 _aÇocuk Edebiyatı.
_vÇocuk Romanı.
700 1 _aGürer, Cengiz.
_cresimleyen.
942 _2ddc
_cBK
999 _c23466
_d23466